banner koha

Depois da tempestade (Registro n. 331014)

MARC details
000 -LÍDER
fixed length control field 00781nab a2200241 4500
003 - CÓDIGO MARC DA AGÊNCIA CATALOGADORA
Campo de controle BR-BrBNA
005 - DATA E HORA DA ÚLTIMA ATUALIZAÇÃO
Campo de controle 20250414122219.0
008 - CAMPO DE TAMANHO FIXO
fixed length control field 250414b bl.||||| |||| 00| 0 por d
040 ## - FONTE DA CATALOGAÇÃO
Agência catalogadora BR-BrBNA
Idioma da catalogação por
072 ## - CATEGORIA AGRIS
Código AGRIS E13 ; E20
100 ## - ENTRADA PRINCIPAL - NOME PESSOAL
Nome pessoal Araújo, Carla
245 ## - TÍTULO PRINCIPAL
Título principal Depois da tempestade
Subtítulo Especial - Crédito Agrícola
500 ## - NOTA GERAL
Nota geral 7 illus.
942 ## - ADDED ENTRY ELEMENTS (KOHA)
Koha item type Analítica
650 ## - ASSUNTO - THESAGRO
Cabeçalho tópico ou nome geográfico SAFRA
650 ## - ASSUNTO - THESAGRO
Cabeçalho tópico ou nome geográfico POLÍTICA MONETÁRIA
650 ## - ASSUNTO - THESAGRO
Cabeçalho tópico ou nome geográfico POLÍTICA DE CRÉDITO
650 ## - ASSUNTO - THESAGRO
Cabeçalho tópico ou nome geográfico DÍVIDA RURAL
650 ## - ASSUNTO - THESAGRO
Cabeçalho tópico ou nome geográfico CRÉDITO RURAL
650 ## - ASSUNTO - THESAGRO
Cabeçalho tópico ou nome geográfico SEGURO RURAL
773 0# - ENTRADA ANALÍTICA
Host Biblionumber 1706
Registro do item 346669
Imprenta São Paulo-SP Editora Três Ltda - E-mail: luizfsa@revistadinheiro.com.br 2004
Outro identificador 2024-7380
Título Dinheiro Rural (Brazil)
ISSN 1807-3700
Colação v. 3(24) p. 74-76; (Oct 2006)
Número de controle de registro BR2025000734

Nenhum exemplar disponível.

BINAGRI

Telefone: (61)3218-2567/2388/3357/2097 - binagri@agro.gov.br

Ministério da Agricultura e Pecuária , Esplanada dos Ministérios, Bloco D, Anexo B, Brasília/DF, CEP: 70.043-900